مقدمة في الإقتصاد الجزئي المعاصر / (رقم التسجيلة. 136503)

تفاصيل مارك
000 -الفاتح
عناصر البيانات ثابتة الطول 00689cam a2200193 i 4500
005 - تاريخ ووقت آخر معاملة
حقل ضبط 20260120102954.0
008 - عناصر البيانات ثابتة الطول
عناصر البيانات ثابتة الطول 250721s2014 jo gr 000 0 ara d
020 ## - الترقيم الدولي المعياري للكتب (ردمك)
الترقيم الدولي المعياري للكتب (ردمك) 9789957762865
082 14 - رقم تصنيف ديوي العشري
رقم التصنيف 338.5
رقم المادة ع و ا
100 1# - مدخل رئيسي – اسم شخصي
الاسم الشخصي عواد، فتحي أحمد ذياب
علاقة الشخص بالعمل/ دوره مؤلف.
245 10 - بيان العنوان
العنوان مقدمة في الإقتصاد الجزئي المعاصر /
بيان المسؤولية فتحي أحمد ذياب عواد.
250 ## - بيان الطبعة
بيان الطبعة الطبعة الأولى.
264 31 - بيانات النشر، التوزيع…إلخ
مكان النشر، التوزيع...إلخ عمان :
اسم الناشر، الموزع...إلخ دار الرضوان للنشر والتوزيع،
تاريخ النشر، التوزيع...إلخ 2014.
300 ## - الوصف المادي
عدد الوحدات المكونة للوعاء 304 صفحة.
650 17 - مدخل إضافي بالموضوع - مصطلح موضوعي
مصطلح موضوعي أو اسم جغرافي كعنصر مدخل الاقتصاد.
650 17 - مدخل إضافي بالموضوع - مصطلح موضوعي
مصطلح موضوعي أو اسم جغرافي كعنصر مدخل الاقتصاد الجزئي.
942 ## - بيانات إضافية (كوها)
نوع التنصيف Dewey Decimal Classification
نوع المادة (كوها) كتب
المقتنيات
حالة السحب حالة الفقدان مصدر التصنيف حالة التلف غير قابل للإعارة المكتبة الرئيسية المكتبة الحالية موقع الرف تاريخ التزويد الرقم المتسلسل Total Checkouts رقم الإستدعاء الباركود تاريخ آخر ظهور تاريخ الفاتورة نوع المادة (كوها)
    Dewey Decimal Classification     المكتبة المركزية المكتبة المركزية الإعارة 28/07/2025 1663248   338.5 / ع و ا PLD00405869 28/07/2025 28/07/2025 كتب
    Dewey Decimal Classification     مكتبة أبو علندا العامة مكتبة أبو علندا العامة الإعارة 18/10/2017 1663252   338.5/عوا PLD00407474 28/07/2025 18/10/2017 كتب
    Dewey Decimal Classification     مكتبة الحسن العامة مكتبة الحسن العامة الإعارة 18/10/2017 1663250   338.5/عوا PLD00407472 28/07/2025 18/10/2017 كتب
    Dewey Decimal Classification     مكتبة صويلح العامة مكتبة صويلح العامة الإعارة 18/10/2017 1663251   338.5/عوا PLD00407473 28/07/2025 18/10/2017 كتب
Implemented & Customized by: BBB with SCIT (Smart Chains for Information Technology)

Powered by Koha